Usaliti mjini / (Record no. 6007)
[ view plain ]
| 000 -LEADER | |
|---|---|
| fixed length control field | 00873cam a22002532 4500 |
| 001 - CONTROL NUMBER | |
| control field | 0000002751 |
| 005 - DATE AND TIME OF LATEST TRANSACTION | |
| control field | 20151217151904.0 |
| 008 - FIXED-LENGTH DATA ELEMENTS--GENERAL INFORMATION | |
| fixed length control field | 070419s xx 000 0 eng d |
| 020 ## - INTERNATIONAL STANDARD BOOK NUMBER | |
| International Standard Book Number | 9966465715 : |
| Terms of availability | KES 240 |
| 040 ## - CATALOGING SOURCE | |
| Original cataloging agency | KABU |
| Transcribing agency | KABU |
| 050 #0 - LIBRARY OF CONGRESS CALL NUMBER | |
| Classification number | PR9381.9 |
| Item number | .I43U83 1994 |
| 100 1# - MAIN ENTRY--PERSONAL NAME | |
| Personal name | Imbuga, Francis. |
| -- | 0000152262 |
| 245 10 - TITLE STATEMENT | |
| Title | Usaliti mjini / |
| Statement of responsibility, etc. | Francis Imbuga; kimetafsiriwa na Adaka Kisia na Josephat Wasyatsa. |
| 260 ## - PUBLICATION, DISTRIBUTION, ETC. (IMPRINT) | |
| Place of publication, distribution, etc. | Nairobi : |
| Name of publisher, distributor, etc. | East African Educational Publishers, |
| Date of publication, distribution, etc. | 1994. |
| 300 ## - PHYSICAL DESCRIPTION | |
| Extent | 104 p. ; |
| Dimensions | 18 cm. |
| 440 #0 - SERIES STATEMENT/ADDED ENTRY--TITLE | |
| Title | Waandishi wa kiafrika |
| Volume/sequential designation | S41 ; |
| -- | 0000152123 |
| 500 ## - GENERAL NOTE | |
| General note | Swahili translation of: Betrayal in the city. |
| 651 #0 - SUBJECT ADDED ENTRY--GEOGRAPHIC NAME | |
| Geographic name | Africa |
| General subdivision | Drama. |
| -- | 0000152263 |
| 700 1# - ADDED ENTRY--PERSONAL NAME | |
| Personal name | Kisia, Adaka. |
| -- | 0000152264 |
| 700 1# - ADDED ENTRY--PERSONAL NAME | |
| Personal name | Wasyatsa, Josephat. |
| -- | 0000152265 |
| 908 ## - PUT COMMAND PARAMETER (RLIN) | |
| Put command parameter | 070419 |
| 950 ## - LOCAL HOLDINGS (RLIN) | |
| -- | 1 |
| Withdrawn status | Lost status | Source of classification or shelving scheme | Not for loan | Home library | Current library | Date acquired | Total Checkouts | Full call number | Barcode | Date last seen | Date last checked out | Price effective from | Koha item type |
|---|---|---|---|---|---|---|---|---|---|---|---|---|---|
| Library of Congress Classification | Kabarak, Main Campus | Kabarak, Main Campus | 17/12/2015 | 2 | PR9381.9 .I43U83 1994 | 004486 | 22/04/2016 | 18/04/2016 | 17/12/2015 | General Collection |